000 00655nam a22001337a 4500
040 _cRUA
082 _aAGR PHA 2017 B636 Or.1
100 _aPHAL MUOYKEA ផល មួយគា
245 _acomparison of coconut water concentration on potato propagation through stem cutting method ប្រៀធៀបកំហាប់ទឹកដូងលើការពង្រីកពូជដំឡូងបារាំងតាមបច្ចេកទេសកាត់មែក
260 _aRUA
_bPhnom penh
_c2017
300 _ax;31p
_bill;
_c29cm
856 _uhttps://drive.google.com/file/d/1VkDH9riwSTSzfYTox1eZuhspDjI4ZPuF/view?usp=sharing
942 _cAGR
999 _c18057
_d18057